Wszystkie afrykańskie państwa - Statystyki

Ogólne statystyki
  • Ten quiz został rozwiązany 28 razy
  • Średni wynik to 38 z 54
Statystyki odpowiedzi
Stolica Państwo % Poprawnych
Pretoria/Kapsztad/Bloemfontein Republika Południowej Afryki
90%
Tunis Tunezja
90%
Algier Algieria
86%
Kinszasa Demokratyczna Republika Konga
86%
Brazzaville Kongo
86%
Rabat Maroko
86%
Dodoma Tanzania
86%
Kair Egipt
81%
Konakry Gwinea
81%
Niamey Niger
81%
Chartum Sudan
81%
Wagadugu Burkina Faso
76%
Akra Ghana
76%
Bissau Gwinea Bissau
76%
Antananarywa Madagaskar
76%
Abudża Nigeria
76%
Jamusukro Wybrzeże Kości Słoniowej
76%
Luanda Angola
71%
Ndżamena Czad
71%
Asmara Erytrea
71%
Addis Abeba Etiopia
71%
Jaunde Kamerun
71%
Nairobi Kenia
71%
Trypolis Libia
71%
Nawakszut Mauretania
71%
Mogadiszu Somalia
71%
Kampala Uganda
71%
Gaborone Botswana
67%
Gitega Burundi
67%
Dżibuti Dżibuti
67%
Mbabane Eswatini
67%
Bandżul Gambia
67%
Malabo Gwinea Równikowa
67%
Moroni Komory
67%
Windhuk Namibia
67%
Praia Republika Zielonego Przylądka
67%
Victoria Seszele
67%
Dżuba Sudan Południowy
67%
Lome Togo
67%
Lusaka Zambia
67%
Harare Zimbabwe
67%
Porto-Novo Benin
62%
Libreville Gabon
62%
Monrovia Liberia
62%
Bamako Mali
62%
Maputo Mozambik
62%
Kigali Rwanda
62%
Dakar Senegal
62%
Sao Tome Wyspy Świętego Tomasza i Książęca
62%
Maseru Lesotho
57%
Lilongwe Malawi
57%
Port Louis Mauritius
57%
Bangi Republika Środkowoafrykańska
57%
Freetown Sierra Leone
57%
Nie znaleziono quizów pasujących do podanych kryteriów
Rozkład punktacji
Procent ludzi z każdym wynikiem
Percentyl według liczby udzielonych odpowiedzi
Twoja historia wyników
Nie rozwiązałeś tego quizu